000 00569cab a2200205 4500
001 ABS39472
008 090401t1988 xxu||||| |||| 00| 0 eng d
035 _a(Sirsi) u17009
041 _aeng
100 _aMoore, M.
245 _aDepot deployed
260 _c1988
350 _a0
490 _aChartered Quantity Surveyor
_v10(11) July 1988, 24-25(2)
520 _aProject analysis on the construction of the new highways depot at Leatherhead in Surrey.
650 _aM25
690 _aBUILDING AND CONSTRUCTION-PROJECTS
942 _n0
948 _c04/03/1997
999 _c11268
_d11268